000 00599nam a2200229Ia 4500
008 101110s9999 xx 000 0 und d
041 _aMARATHI
082 _bJR5695
100 _aVodariya Bhupat
245 _aAvadhe Shika Lokanchya Anubhavatun
260 _c2008
_bSelf Devhal,Mumbai
300 _a200
365 _b135
520 _aGowande sir Interest & expenditure/2007-08
520 _aMarathi
546 _aMARATHI
630 _aAvadhe Shika Lokanchya Anubhavatun
650 _aMarathi
655 _aMarathi
730 _aAvadhe Shika Lokanchya Anubhavatun
942 _cBOOK
999 _c796490
_d796487